Responses for Show #1521 - Monday, March 25, 1991

Tom Halpern game 2.
3/4s of game entered from audiorecording. Missing prizes.

Contestants

[<< previous game]

Roz Jay, a housewife from Philadelphia, Pennsylvania

Michael Hairston, an accountant originally from Charleston, West Virginia

Tom Halpern, a researcher and writer from New York City, New York (whose 1-day cash winnings total $15,201)

[next game >>]

Jeopardy! Round responses

FICTIONAL CHARACTERS
ARCHITECTURE
BUSY BEAVERS
DANCE
WORLD LEADERS
THE JACKSONS
    $100 4
Dr. Jekyll

Tom
    $100 9
Cape Cod

Tom
    $100 21
a tail

Michael
    $100 16
Chubby Checker

Michael
    $100 1
Japan

Tom
    $100 12
Mahalia Jackson

Roz
    $200 7
(Tom: What is The Count of Monte Cristo?)

The Three Musketeers

TomRoz
    $200 10
belfry

Tom
    $200 27
(Roz: What are dams?)

lodges

Roz
Triple Stumper
    $500 17
the (Pennsylvania) polka

Michael
    $200 2
Golda Meir

Tom
    $200 22
Jesse Jackson

Roz
    $300 8
The Good Earth

Tom
    $300 11
window

Michael
    $300 28
the United States & Canada

Tom
    $300 18
clog dancing

Roz
    $300 3
Pierre Trudeau

Roz
    $300 23
Rachel Jackson (Mrs. Andrew Jackson)

Roz
    $400 13
a helicopter

Triple Stumper
    $400 15
France

Michael
    $400 29
(Michael: Who is, um... um, Jerry Matson?)

Jerry Mathers

MichaelRoz
    $400 19
the tarantella

Roz
    $400 5
Duvalier

Tom
    $400 25
Anne Jackson

Roz
    $500 14
An American Tragedy

Tom
    $500 24
Frank Lloyd Wright

Michael
    $500 30
rodents

Tom
    $500 20
a pas de deux

Tom
    $500 6
(Roz: What is Sweden?)
...
(Alex: He became King Haakon of [*].)

Norway

Roz
Triple Stumper
    $500 26
Shirley Jackson

Michael

Scores at the first commercial break (after clue 14):

Tom Michael Roz
$1,700 $300 $100

Scores at the end of the Jeopardy! Round:

Tom Michael Roz
$3,000 $2,000 $1,900

Double Jeopardy! Round responses

1941
EDUCATION
U.S. GEOGRAPHY
WORD ORIGINS
CHEMISTRY
FATHERLY NICKNAMES
    $200 3
the Moon

Tom
    $200 11
Michigan

Michael
    $200 12
Indiana

Michael
    $200 1
(Michael: What are quotes?)

cue

Michael
Triple Stumper
    $200 10
krypton

Roz
    $200 13
Jefferson

Michael
    $400 4
Joe DiMaggio

Tom
    $400 22
Rochester, Minnesota

Tom
    $400 17
Superior

Tom
    $400 2
a scroll

Tom
    $400 14
oxygen

Michael
    $400 26
Jules Verne

Triple Stumper
    $1,500 5
(Tom: What is Greenland?)
(Alex: Sorry, Greenland is not independent, but [*] is.)

Iceland

Tom
    $600 23
veterinary medicine

Roz
    $600 18
(Roz: What is Long Island?)

Manhattan

TomRoz
    $600 7
recapitulation

Tom
    $600 15
[Micheal says both choices.]

red (pink)

Michael
    $600 27
Izaak Walton

Triple Stumper
    $800 6
(James) Joyce

Michael
    $800 24
(Michael: What is a prep school?)
...
(Alex: We have a minute to go.)

a grammar school

TomMichael
    $800 19
(Alex: Oklahoma and California at number one and two, and [*] is number three.)

Arizona

Triple Stumper
    $800 9
a motel

Michael
    $800 16
electrons

Tom
    $800 28
Sakharov

Tom
    $1000 8
Rommel

Tom
    $1000 25
Horace Mann

Roz
    $1000 20
the Allegheny

Michael
    $1,000 21
(Michael: What is...)
(Alex: Say something.)
(Michael: Sarcophagus?)

hieroglyphic

Michael
    $1000 30
(Alex: The P stands for [*]; the V stands for volume.)

pressure

Triple Stumper
    $1000 29
Keynes

Tom

Scores at the end of the Double Jeopardy! Round:

Tom Michael Roz
$8,900 $4,200 $3,100
(lock game)

[wagering suggestions for these scores]

Final Jeopardy! Round responses

AMERICAN PLAYWRIGHTS
RozWho is Tennessee Williams?
$3,100
MichaelWho was T. Williams?
$4,000
TomWho is O'Neill?
$499
Tennessee Williams

Final scores:

Tom Michael Roz
$8,401 $8,200 $6,200
2-day champion: $23,602 2nd place 3rd place

Game dynamics:

Coryat scores:

Tom Michael Roz
$10,400 $4,900 $3,100
23 R,
2 W
(including 1 DD)
15 R
(including 1 DD),
4 W
(including 1 DD)
12 R,
3 W

Combined Coryat: $18,400

[game clues] [game scores] [suggest correction]

Game tape date: 1991-01-30
The J! Archive is created by fans, for fans. Scraping, republication, monetization, and malicious use prohibited; this site may use cookies and collect identifying information. See terms. The Jeopardy! game show and all elements thereof, including but not limited to copyright and trademark thereto, are the property of Jeopardy Productions, Inc. and are protected under law. This website is not affiliated with, sponsored by, or operated by Jeopardy Productions, Inc. Join the discussion at JBoard.tv.